| 000 | 00932nam a2200265 i 4500 | ||
|---|---|---|---|
| 001 | bg | ||
| 100 | 1 | _aOMNES, Marie-Hélene | |
| 245 | 1 | 0 |
_aLa morue (Gadus morhua) : _bbiologie, p~-eche, marché et potentiel aquacole / _cMarie-Hélene Omnes. |
| 260 |
_aPlouzané : _bIfremer, _c2002. |
||
| 300 |
_a55 s. : _bil. kolor. ; _c24 cm. |
||
| 490 | 1 |
_aRessources de la Mer, _x0986-3907 |
|
| 504 | _aBibliogr. | ||
| 650 | 9 |
_aDorsz _xzagadnienia |
|
| 650 | 9 |
_aRybołówstwo morskie _xwpływ na środowisko |
|
| 650 | 9 |
_aRybołówstwo morskie _zFrancja |
|
| 830 |
_aRessources de la Mer, _x0986-3907 |
||
| 020 | _a2844331076 | ||
| 040 | _cBPK | ||
| 041 | 0 | _afra | |
| 080 | _a597.2/.5(26):574.5:639.22 | ||
| 920 | _a2-84433-107-6 | ||
| 942 | _cKS | ||
| 008 | s pl f |000 0 pol | ||
| 999 |
_c45048 _d45048 |
||
| 856 |
_uhttp://koha.tu.koszalin.pl/cgi-bin/koha/opac-detail.pl?biblionumber=45048 _yKatalog online BPK |
||